=LDR 00000nam 2200000 4500 =001 INLIS000000000032009 =005 20130612134038 =008 ***********************************ind** =035 ##$$0010-061300000032009 =041 ##$$a ind =082 ##$$a 2X9.8 =090 ##$$a 2X9.8, Mur s =100 ##$$a MURSI Muhammad Said =245 ##$$a 100 Kasih teladan tokoh besar, Muhammad Said Mursi =260 ##$$a 2010 $b Jakarta =300 ##$$a xvi, 171 hlm, illus, 28 cm =650 ##$$a Islam, Sejarah =700 ##$$a Ibrahim Qasum Abdullah =850 ##$$a NBPNMAT